Southville International School and Colleges
Your cart is empty.
  • Cart
  • Lists
    Public lists Eva Luna New books Lux_list list_1
    Your lists Log in to create your own lists
  • Log in to your account
  • Your cookies
  • Search history
Southville International School and Colleges
  • Advanced search
  • Recent comments
  • Most popular
  • Libraries

Log in to your account

Log in with GOOGLE


If you do not have an external account, but do have a local account, you can still log in:

  1. Home
  2. MARC view: Clinical chemistry:
Normal view MARC view ISBD view

Clinical chemistry: (Record no. 368763)

[ view plain ]
MARC details
000 -LEADER
fixed length control field 00872nam a22002657a 4500
003 - CONTROL NUMBER IDENTIFIER
control field 0
005 - DATE AND TIME OF LATEST TRANSACTION
control field 20260124141234.0
008 - FIXED-LENGTH DATA ELEMENTS--GENERAL INFORMATION
fixed length control field 260124b xxu||||| |||| 00| 0 eng d
020 ## - INTERNATIONAL STANDARD BOOK NUMBER
International Standard Book Number 9781284238860
050 ## - LIBRARY OF CONGRESS CALL NUMBER
Classification number RB 40
Item number .C55 2023
245 ## - TITLE STATEMENT
Title Clinical chemistry:
Remainder of title principles, techniques, and correlations
Statement of responsibility, etc Michael L. Bishop [and four others]
250 ## - EDITION STATEMENT
Edition statement Ninth edition
260 ## - PUBLICATION, DISTRIBUTION, ETC. (IMPRINT)
Place of publication, distribution, etc Burlington, MA :
Name of publisher, distributor, etc Jones & Barlett Learning ;
Date of publication, distribution, etc 2023
300 ## - PHYSICAL DESCRIPTION
Extent xvi, 821 pages :
Other physical details colored illustrations and photos ;
Dimensions 28cm.
504 ## - BIBLIOGRAPHY, ETC. NOTE
Bibliography, etc Includes appendices, glossary and index.
650 ## - SUBJECT ADDED ENTRY--TOPICAL TERM
Topical term or geographic name as entry element Clinical chemistry.
650 ## - SUBJECT ADDED ENTRY--TOPICAL TERM
Topical term or geographic name as entry element Medical chemistry.
650 ## - SUBJECT ADDED ENTRY--TOPICAL TERM
Topical term or geographic name as entry element Pathological chemistry.
700 ## - ADDED ENTRY--PERSONAL NAME
Personal name Bishop, Michael L.
700 ## - ADDED ENTRY--PERSONAL NAME
Personal name Fody, Edward.
700 ## - ADDED ENTRY--PERSONAL NAME
Personal name Siclean, Carleen Van.
700 ## - ADDED ENTRY--PERSONAL NAME
Personal name Mistler, James March.
700 ## - ADDED ENTRY--PERSONAL NAME
Personal name Moy, Michelle.
942 ## - ADDED ENTRY ELEMENTS (KOHA)
Source of classification or shelving scheme Library of Congress Classification
Koha item type Books
Holdings
Withdrawn status Lost status Source of classification or shelving scheme Damaged status Home library Current library Shelving location Date acquired Source of acquisition Sub Shelving location Total Checkouts Full call number Barcode Date last seen Price effective from Koha item type
    Library of Congress Classification   South SEED-LPDH College Library South SEED-LPDH College Library South SEED-LPDH College Section 01/24/2026 Library Fund     RB 40 .C55 2023 SSLC1952 01/24/2026 01/24/2026 Books

Clinical chemistry:

APA

Bishop M. L., Fody E., Siclean C. V., Mistler J. M. & Moy M. (2023). Clinical chemistry. Burlington, MA: Jones & Barlett Learning.

Chicago

Bishop Michael L, Fody Edward, Siclean Carleen Van, Mistler James March and Moy Michelle. 2023. Clinical chemistry. Burlington, MA: Jones & Barlett Learning.

Harvard

Bishop M. L., Fody E., Siclean C. V., Mistler J. M. and Moy M. (2023). Clinical chemistry. Burlington, MA: Jones & Barlett Learning.

MLA

Bishop Michael L, Fody Edward, Siclean Carleen Van, Mistler James March and Moy Michelle. Clinical chemistry. Burlington, MA: Jones & Barlett Learning. 2023.

  • Place hold
  • Print
  • Cite
  • Add to your cart (remove)
  • Save record
    BIBTEX Dublin Core MARCXML MARC (non-Unicode/MARC-8) MARC (Unicode/UTF-8) MARC (Unicode/UTF-8, Standard) MODS (XML) RIS
  • More searches
    Search for this title in:
    Other Libraries (WorldCat) Other Databases (Google Scholar) Online Stores (Bookfinder.com) Open Library (openlibrary.org)

Exporting to Dublin Core...

SOUTHVILLE LIBRARY

Southville International School and Colleges Library

1281 Tropical Ave. Cor. Luxembourg St., BF Homes International, Las Pinas City

Tel. No. 8256374 / 252358 Loc. 117/146

Powered by Koha